=LDR 00000nam 2200000 4500 =001 INLIS000000000025836 =005 20200617091028 =035 ##$$a 0010-061300000025836 =008 200617################g##########0#ind## =041 ##$$a ind =082 ##$$a 2x3.55 =090 ##$$a 2x3.55, RAH t =100 ##$$a Rahim, Khoirur =245 1#$$a Taubat : $b Cara tepat membersihkan dosa /$c Khoirur rahim =260 ##$$a Surabaya :$b Pustaka agung harapan,$c 2003 =300 ##$$a 94 hlm ; $c 21 x 15 cm. =650 #4$$a Taubat =850 ##$$a NBPNMAT =084 ##$$a 2x3.55 RAH t =990 ##$$a 20615143 =990 ##$$a 20615140